000 00459nam a2200193Ia 4500
008 210210b1875 xxu||||| |||| 00| 0 eng d
041 _aeng
082 _a270/3
100 _aALLIES (T W)
245 _aFormation of christendom part.3
260 _aLondon
_bLongmans, Green Reader, Dyer
_c1875
300 _axvi,511
650 _apart.3
650 _aof
650 _aFormation
650 _achristendom
690 _aChristianity
906 _a001429
999 _c116546
_d116546